书目信息 |
| 题名: |
无卤阻燃聚合物基础与应用
|
|
| 作者: | 王建祺 编著 | |
| 分册: | ||
| 出版信息: | 北京 科学出版社 2005 |
|
| 页数: | 376页 | |
| 开本: | 24cm | |
| 丛书名: | ||
| 单 册: | ||
| 中图分类: | TQ314.24 | |
| 科图分类: | ||
| 主题词: | 高聚物--阻燃剂--研究 , 高聚物 , 阻燃剂 | |
| 电子资源: | ||
| ISBN: | 7-03-015216-6 | |
| 000 | 00937nam0 2200265 450 | |
| 000 | 00949nam0 2200265 450 | |
| 000 | 00878nam0 2200241 450 | |
| 000 | 00841nam0 2200229 45 | |
| 005 | 20070525153543.96 | |
| 010 | @a7-03-015216-6@b精装@dCNY60.00 | |
| 100 | @a20070418d2005 em y0chiy0120 ea | |
| 101 | 0 | @achi |
| 102 | @aCN@b110000 | |
| 105 | @ay z 000yy | |
| 200 | 1 | @a无卤阻燃聚合物基础与应用@AWu Lu Zu Ran Ju He Wu Ji Chu Yu Ying Yong@f王建祺等编著@FWang Jian Qi Deng Bian Zhu |
| 210 | @a北京@c科学出版社@d2005 | |
| 215 | @a376页@d24cm | |
| 330 | @a全书分8章,介绍了无机填充型阻燃基础与应用、化学膨胀型阻燃基础与应用、物理膨胀型阻燃剂——可膨胀石墨阻燃聚合物基础与应用、纳米效应与聚合物阻燃、电子束辐照与阻燃等。 | |
| 606 | 0 | @a高聚物@x阻燃剂@x研究 |
| 606 | 0 | @a高聚物 |
| 606 | 0 | @a阻燃剂 |
| 690 | @aTQ314.24 | |
| 701 | 0 | @a王建祺@AWang Jian Qi@4编著 |
| 801 | 0 | @aCN@bTAOJIN@c20070525 |
| 905 | @a10447@dTQ314.24@e4 | |
| 无卤阻燃聚合物基础与应用/王建祺等编著.-北京:科学出版社,2005 |
| 376页;24cm |
| ISBN 7-03-015216-6(精装):CNY60.00 |
| 全书分8章,介绍了无机填充型阻燃基础与应用、化学膨胀型阻燃基础与应用、物理膨胀型阻燃剂——可膨胀石墨阻燃聚合物基础与应用、纳米效应与聚合物阻燃、电子束辐照与阻燃等。 |
| ● |
| 相关链接 |
|
|
|
|
正题名:无卤阻燃聚合物基础与应用
索取号:TQ314.24/4
 
预约/预借
| 序号 | 登录号 | 条形码 | 馆藏地/架位号 | 状态 | 备注 |
| 1 | 0522804 | 205228047 | 第二样本阅览室/ [索取号:TQ314.24/4] | 在馆 | |
| 2 | 0522805 | 205228056 | 第三借阅区/ [索取号:TQ314.24/4] | 在馆 | |
| 3 | 0522806 | 205228065 | 第三借阅区/ [索取号:TQ314.24/4] | 在馆 | |
| 4 | 0522807 | 205228074 | 第三借阅区/ [索取号:TQ314.24/4] | 在馆 | |
| 5 | 0522808 | 205228083 | 第三借阅区/ [索取号:TQ314.24/4] | 在馆 |